000 00878nam a22002055i 4500
001 164049
003 ES-MaACL
005 20250915063059.0
008 050824s1892 sp | |||||||| ||cat d
040 _aCAM
_bspa
_cCAM
100 1 _aRovira y Serra, Manuel,
_d1865-1929
_9132129
245 1 0 _a20 $ per endevant
_b: joguina en un acte y en vers /
_coriginal de Manel Rovira y Serra.
260 _aBarcelona :
_b[s.n.],
_c1892 (
_fImprempta de Henrich y Cª, en Comandita, Successors de N. Ramírez y Cª)
300 _a31 p. 20 cm.
500 _aEstrenada en la vetlla del dia 24 de Maig de 1892 en lo Teatro de Novedats.
650 4 _aTeatro español-
_yS.XIX.
_917346
752 _aEspaña -
_dBarcelona
852 _aES-MaACL
_jG-3518(2)
_z-- Enc. tela roja con hierros dorados, falto de la enc. original
_z-- Enc. en un vol. facticio
999 _c164049
_d164049